000 00496nam a2200181Ia 4500
005 20250508161539.0
008 008 250505s9999 xx 000 0 eng d
037 _aTextual
040 _aFEDL
_beng
_cFEDL
041 _aeng
_2eng
084 _a428.2, COE
_qFEDL
100 _aCoe G E B
245 0 _aEnglish by heart : Teacher's book
260 _aBombay, India
_bOrient Longman Pvt. Ltd.
_c1964
300 _a30p.
942 _cTEXL
_h428.2, COE
999 _c1370696
_d1370696